<?xml version="1.0" encoding="UTF-8"?>
<record
    xmlns:xsi="http://www.w3.org/2001/XMLSchema-instance"
    xsi:schemaLocation="http://www.loc.gov/MARC21/slim http://www.loc.gov/standards/marcxml/schema/MARC21slim.xsd"
    xmlns="http://www.loc.gov/MARC21/slim">

  <leader>00910nam a22002297a 4500</leader>
  <controlfield tag="005">20240530110618.0</controlfield>
  <controlfield tag="008">161206s2014    ua a   f b    000 0 ara d</controlfield>
  <datafield tag="017" ind1=" " ind2=" ">
    <subfield code="a">2014/9358</subfield>
    <subfield code="b">&#x645;&#x635;&#x631;. &#x62F;&#x627;&#x631; &#x627;&#x644;&#x643;&#x62A;&#x628;</subfield>
  </datafield>
  <datafield tag="040" ind1=" " ind2=" ">
    <subfield code="a">EG-CaGPL</subfield>
    <subfield code="c">EG-CaGPL</subfield>
  </datafield>
  <datafield tag="082" ind1="0" ind2="4">
    <subfield code="2">21</subfield>
    <subfield code="a">323.1</subfield>
    <subfield code="b">&#x642;/&#x645; &#x645;</subfield>
  </datafield>
  <datafield tag="100" ind1=" " ind2=" ">
    <subfield code="a">&#x645;&#x62D;&#x645;&#x62F; &#x631;&#x641;&#x639;&#x62A; &#x627;&#x644;&#x627;&#x645;&#x627;&#x645; .</subfield>
  </datafield>
  <datafield tag="245" ind1="1" ind2="0">
    <subfield code="a">&#x645;&#x635;&#x631; &#x648; &#x627;&#x644;&#x627;&#x631;&#x645;&#x646; :</subfield>
    <subfield code="b">&#x645;&#x633;&#x623;&#x644;&#x629; &#x627;&#x636;&#x646;&#x629; &#x627;&#x628;&#x631;&#x64A;&#x644; 1909 :&#x627;&#x644;&#x637;&#x631;&#x64A;&#x642; &#x627;&#x644;&#x649; &#x627;&#x644;&#x627;&#x628;&#x627;&#x62F;&#x629; &#x627;&#x644;&#x627;&#x631;&#x645;&#x646;&#x64A;&#x629; &#x627;&#x644;&#x643;&#x628;&#x631;&#x649; 1915 /</subfield>
    <subfield code="c">&#x645;&#x62D;&#x645;&#x62F; &#x631;&#x641;&#x639;&#x62A; &#x627;&#x644;&#x627;&#x645;&#x627;&#x645; .</subfield>
  </datafield>
  <datafield tag="250" ind1=" " ind2=" ">
    <subfield code="a">&#x637;.1</subfield>
  </datafield>
  <datafield tag="260" ind1=" " ind2=" ">
    <subfield code="a">&#x627;&#x644;&#x642;&#x627;&#x647;&#x631;&#x629; : </subfield>
    <subfield code="c">2014 .</subfield>
    <subfield code="b">&#x645;&#x637;&#x628;&#x639;&#x629; &#x62F;&#x627;&#x631; &#x627;&#x644;&#x643;&#x62A;&#x628; &#x648; &#x627;&#x644;&#x648;&#x62B;&#x627;&#x626;&#x642; &#x627;&#x644;&#x642;&#x648;&#x645;&#x64A;&#x629; &#x628;&#x627;&#x644;&#x642;&#x627;&#x647;&#x631;&#x629; &#x60C;</subfield>
  </datafield>
  <datafield tag="504" ind1=" " ind2=" ">
    <subfield code="a">&#x628;&#x628;&#x644;&#x64A;&#x648;&#x62C;&#x631;&#x627;&#x641;&#x64A;&#x629; : &#x635; 224 - 239</subfield>
  </datafield>
  <datafield tag="650" ind1="0" ind2="7">
    <subfield code="2">qrmak</subfield>
    <subfield code="a">&#x627;&#x644;&#x627;&#x631;&#x645;&#x646; .</subfield>
  </datafield>
  <datafield tag="650" ind1="0" ind2="7">
    <subfield code="a">&#x645;&#x633;&#x623;&#x644;&#x629; &#x627;&#x636;&#x646;&#x629; 1909 .</subfield>
    <subfield code="2">qrmak</subfield>
  </datafield>
  <datafield tag="650" ind1="0" ind2="7">
    <subfield code="2">qrmak</subfield>
    <subfield code="a">&#x627;&#x644;&#x627;&#x631;&#x645;&#x646;</subfield>
    <subfield code="z">&#x645;&#x635;&#x631; .</subfield>
  </datafield>
  <datafield tag="651" ind1=" " ind2=" ">
    <subfield code="2">qrmak</subfield>
  </datafield>
  <datafield tag="942" ind1=" " ind2=" ">
    <subfield code="2">ddc</subfield>
    <subfield code="c">BK</subfield>
  </datafield>
  <datafield tag="999" ind1=" " ind2=" ">
    <subfield code="c">62994</subfield>
    <subfield code="d">62994</subfield>
  </datafield>
  <datafield tag="952" ind1=" " ind2=" ">
    <subfield code="0">0</subfield>
    <subfield code="1">0</subfield>
    <subfield code="4">0</subfield>
    <subfield code="7">0</subfield>
    <subfield code="a">CAI</subfield>
    <subfield code="b">CAI</subfield>
    <subfield code="c">CAIRO-LIBRARY</subfield>
    <subfield code="d">2016-12-06</subfield>
    <subfield code="l">0</subfield>
    <subfield code="o">323.1 &#x642;/&#x645; &#x645;</subfield>
    <subfield code="p">162938</subfield>
    <subfield code="r">2016-12-06 00:00:00</subfield>
    <subfield code="w">2016-12-06</subfield>
    <subfield code="y">BK</subfield>
  </datafield>
</record>
